Eléments de Mathématique: groupes et algèbres de Lie

שמור ב:
מידע ביבליוגרפי
מחבר ראשי: Bourbaki, Nicolás
פורמט: ספר
שפה:צרפתית
יצא לאור: París, Francia Masson 1981
נושאים:
תגים: הוספת תג
אין תגיות, היה/י הראשונ/ה לתייג את הרשומה!

MARC

LEADER 00000nam a2200000 a 4500
001 UCQ9576
003 CL-VaPUC
005 20230629104946.0
008 990112e19810000FR |||||||||||||||||fre|d
999 |c 278574  |d 278572 
040 |c Pontificia Universidad Católica de Valparaíso 
082 0 4 |a 512.55 BOU 1981  |2 21 
100 0 |a Bourbaki, Nicolás  |9 424219 
245 1 0 |a Eléments de Mathématique: groupes et algèbres de Lie 
260 0 3 |a París, Francia  |b Masson  |c 1981 
300 |a 288 páginas 
505 |a Chapitres 4, 5 et 6 
583 |a last modification  |c 19990112 00:00:00  |k Rodrigo Vera 
650 0 |a Álgebra de Lie  |9 271226 
650 0 |a Grupos de Lie   |9 271231 
942 |c BK  |2 ddc 
945 |d 19990112 00:00:00  |a crobeson